000 00643nam a22002297a 4500
001 7878
003 BD-RjUL
005 20211208234505.0
008 140116b1964 n ||||| |||| 00| 0 eng d
035 _a(BD-RjUL)7922
040 _aBD-RjUL
_beng
_cBD-RjUL
_dBD-RjUL
041 _aeng
082 0 4 _a512.1
_bCAM 1964
100 1 _aCarter,Hobart Clinton
_924588
245 1 0 _aModern basic mathematics /
260 _aNew York:
_bAppleton-Century-Crofts .
_c[1964]
300 2 _a xi, 466 p.
_bdiagrs.
_c24 cm.
490 _aAppleton-Century mathematics series.
504 _aincludes index
650 0 _a Mathematics.
_924589
942 _2ddc
_cBK
999 _c7878
_d7878